书目信息 |
| 书名: | Controversy Creates Cash | |
| 作者: | Eric Bischoff | |
| 分册号: | ||
| 分册名: | 出版地: | BRITAIN |
|
| 出版社: | Pocket Books | |
| 出版时间: | 2007 | |
| 页数: | 389P | |
| 开本: | 23CM | |
| 丛书名: | ||
| 中图分类号: | ||
| 科图分类号: | ||
| 其他分类号: | C912.8 | |
| 主题词: | ||
| 电子资源: | ||
| 000 | 00388nam0 2200145 450 | |
| 001 | 202012003040 | |
| 005 | 20121202144830.0 | |
| 008 | 12120201s | |
| 020 | @a9781847390622@c$8.99 | |
| 099 | @dC912.8@eE681 | |
| 245 | 10 | @aControversy Creates Cash @cEric Bischoff |
| 260 | 0 | @aBRITAIN@bPocket Books@c2007 |
| 300 | @a389P@c23CM | |
| 905 | @b14102-3 | |
| 905 | @aTSG@dC912.8@eE681 | |
| Controversy Creates Cash / Eric Bischoff .-BRITAIN : Pocket Books , 2007 |
| 389P ; 23CM |
| ISBN 9781847390622$8.99 |
| ● |
| 相关链接 |
|
|
|
正题名:Controversy Creates Cash
索取号:C912.8/E681
 
预约/预借
| 序号 | 登录号 | 条形码 | 馆藏地/架位号 | 状态 | 备注 |
| 1 | 14102 | 300141022 | 社科库509/509社科库 131排1列2层/ [索取号:C912.8/E681] | 在馆 | |
| 2 | 14103 | 300141031 | 社科库509/509社科库 131排1列2层/ [索取号:C912.8/E681] | 在馆 |